000 00501nam a2200181 i 4500
001 84757
003 ES-MaACL
007 t|
008 041123s1983 ja ||||1| eng d
245 0 0 _aJapanese Zen.
250 _a[3rd ed.].
260 _aTokyo :
_bInternational Society for Educational Information,
_c[1983]
300 _a75 p. :
_bil. +
_e26 cm.
490 1 _aUnderstanding Japan
830 0 _aUnderstanding Japan
_9231673
852 _aES-MaACL
_jL-7258
_bR.108093
999 _c84757
_d84757